|
|
|
|
| LEADER |
00000nab a2200000uu 4500 |
| 001 |
vtls010884429 |
| 003 |
SK-MaSNL |
| 005 |
20260303145121.0 |
| 008 |
230222|1964 xo |||||||||||||||||slo| |
| 015 |
|
|
|a SNBRB
|
| 035 |
|
|
|a (urnnbn)urn:nbn:sk:snk:ar-002apr
|
| 035 |
|
|
|a (uuid)123efbdb-d822-4bf8-bbb2-129d2bd61b2a
|
| 035 |
|
|
|a urn:nbn:sk:snk-ab8fpw
|
| 040 |
|
|
|a SNKBUCL
|b slo
|c SNKBUCL
|e AACR2
|
| 041 |
0 |
|
|a slo
|
| 044 |
|
|
|a xo
|c SK
|
| 100 |
1 |
|
|a Slovák, Ladislav,
|d 1919-1999
|4 aut
|9 114584
|
| 245 |
1 |
0 |
|a Wiener Festwochen
|c Ladislav Slovák
|
| 773 |
0 |
|
|t Slovenská hudba : revue pre hudobnú kultúru
|g Roč. 8, č. 8 (1964), s. 252-254
|
| 954 |
|
|
|a odborná, vedecká literatúra pôvodná (slovenská)
|2 lita
|
| 958 |
|
|
|a OND
|
| 958 |
|
|
|a EUIPO
|
| 958 |
|
|
|a article10
|
| 999 |
|
|
|c 2000589
|d 2002519
|